| 000 | 00595nam a2200181 i 4500 | ||
|---|---|---|---|
| 001 | 161624 | ||
| 003 | ES-MaACL | ||
| 005 | 20250702194537.0 | ||
| 008 | 991202s1863 fr |||| | fre d | ||
| 080 | _a94(44)"1852/70" | ||
| 100 | 1 |
_aPelletan, Eugène. _9223510 |
|
| 245 | 1 | 3 |
_aLe 31 mai / _cpar Eugène Pelletan. |
| 260 |
_aParis : _bPagnerre, _c1863. |
||
| 300 |
_a48 p. ; _c21 cm. |
||
| 651 | 7 |
_aFrancia- _xHistoria- _y1852-1870, Segundo Imperio _2 _9146277 |
|
| 852 | 4 |
_aES-MaACL _jT-88-F-8 _z- Enc. hol., falto de cub. original _z- Enc. en un vol. facticio |
|
| 999 |
_c161624 _d161624 |
||